Fuels of to-day and fuels of the future in automobile: Applicability limits of nitrile rubbers used for technical articles in contact with fuel (Record no. 59617)

MARC details
000 -LEADER
fixed length control field 00460nam a2200121Ia 4500
100 ## - MAIN ENTRY--AUTHOR NAME
Personal name Piazza S
245 #0 - TITLE STATEMENT
Title Fuels of to-day and fuels of the future in automobile: Applicability limits of nitrile rubbers used for technical articles in contact with fuel
260 ## - PUBLICATION, DISTRIBUTION, ETC. (IMPRINT)
Name of publisher Proceedings of the International Rubber Conference, Venice, 1979; p451-460
700 ## - ADDED ENTRY--PERSONAL NAME
Personal name Passarini N
700 ## - ADDED ENTRY--PERSONAL NAME
Personal name Santarelli G
942 ## - ADDED ENTRY ELEMENTS (KOHA)
Koha item type Journals
Holdings
Withdrawn status Lost status Damaged status Not for loan Home library Current library Shelving location Date acquired Koha item type
      Journals RRII Library RRII Library Rubber chemistry 17/12/2021 Journals